| 000 | 00728nam a2200241 i 4500 | ||
|---|---|---|---|
| 001 | 92576 | ||
| 003 | ES-MaACL | ||
| 005 | 20240524062956.0 | ||
| 007 | t| | ||
| 008 | 050401s2005 sp ||||1| spa d | ||
| 020 | _a84-96136-93-0 | ||
| 080 | _a94(410) | ||
| 100 | 0 |
_aChesterton, G. K., _d1874-1936 _938399 |
|
| 245 | 1 | 0 |
_aBreve historia de Inglaterra / _cG.K. Chesterton ; traducción de Miguel Temprano. |
| 250 | _a1ª ed. | ||
| 260 |
_aBarcelona : _bAcantilado, _c2005. |
||
| 300 |
_a250 p. ; _c21 cm. |
||
| 490 | 1 |
_aEl Acantilado ; _v104 |
|
| 651 | 4 |
_aGran Bretaña- _xHistoria. _98752 |
|
| 830 | 0 |
_aEl Acantilado ; _v104 _9179782 |
|
| 852 |
_aES-MaACL _jE-10902 _bR.135692 |
||
| 999 |
_c92576 _d92576 |
||